| 000 | 01419nam a22003858i 4500 | ||
|---|---|---|---|
| 003 | MY-SjTCS | ||
| 005 | 20260615132144.0 | ||
| 007 | t| | ||
| 008 | 250922s2025 nju b 001|0 eng|d | ||
| 015 |
_aGBC5B5609 _2bnb |
||
| 016 | 7 |
_a300626074 _2Uk |
|
| 020 |
_a9781394336531 _qpaperback _c£119.95 |
||
| 024 | 8 | _aCIPO000294394 | |
| 035 | _a(Uk)021670241 | ||
| 035 | _a(Uk)021670241BLL01-Aleph | ||
| 040 |
_aStDuBDS _beng _cStDuBDS _erda |
||
| 082 | 0 | 4 |
_a657 _223 |
| 100 | 1 | 0 |
_aSchroeder, Richard G., _eauthor. _1https://isni.org/isni/0000000116706364 _978239 |
| 245 | 1 | 0 |
_aFinancial accounting theory and analysis : _btext and cases / _cRichard G. Schroeder, Myrtle W. Clark, Jack M. Cathey. |
| 250 | _aFifteenth edition. | ||
| 263 | _a202510 | ||
| 264 | 1 |
_aHoboken : _bJohn Wiley & Sons, Inc., _c2025. |
|
| 300 | _a768 pages | ||
| 336 |
_atext _2rdacontent |
||
| 337 |
_aunmediated _2rdamedia |
||
| 338 |
_avolume _2rdacarrier |
||
| 500 | _aPrevious edition: 2023. | ||
| 504 | _aIncludes bibliographical references and index. | ||
| 650 | 0 | _aAccounting. | |
| 650 | 0 |
_aAccounting _vProblems, exercises, etc. _912587 |
|
| 650 | 7 |
_aAccounting _2fast _0(OCoLC)fst00795379 _0http://id.worldcat.org/fast/795379 |
|
| 700 | 1 |
_aClark, Myrtle, _eauthor. _1https://isni.org/isni/0000000116332155 _978240 |
|
| 700 | 1 |
_aCathey, Jack M., _eauthor. _1https://isni.org/isni/0000000116512455 _978241 |
|
| 999 | _c203723 | ||